Govt. of
Madhya Pradesh

History Of Indian Handicrafts (Record no. 68501)

MARC details
000 -LEADER
fixed length control field 00262nam a22001097a 4500
082 ## - DEWEY DECIMAL CLASSIFICATION NUMBER
Classification number 740/SHA
100 ## - MAIN ENTRY--AUTHOR NAME
Personal name Shahu,Ramesh
245 ## - TITLE STATEMENT
Title History Of Indian Handicrafts
260 ## - PUBLICATION, DISTRIBUTION, ETC. (IMPRINT)
Place of publication Delhi
Name of publisher Raman Publication
Year of publication 2020
650 ## - SUBJECT ADDED ENTRY--TOPICAL TERM
Topical Term Handicrafts
942 ## - ADDED ENTRY ELEMENTS (KOHA)
Koha item type Books
Holdings
Withdrawn status Lost status Damaged status Not for loan Home library Current library Date acquired Cost, normal purchase price Full call number Accession Number Price effective from Koha item type
        MACL MACL 27/12/2025 995.00 740/SHA CRE040351 27/12/2025 Books